000 00430nam a22001937a 4500
003 OSt
005 20210902092041.0
008 210902b |||||||| |||| 00| 0 eng d
020 _aISBN 1-904798-47-0
040 _cHU
050 _a1
082 _a530.2/AGR
100 _aSHYAM K AGRAWAL
_91269
245 _aHEAT AND MASS TRANSFFR
250 _a1
260 _aINDIA
_bANSHAN
_c2005
300 _a435
942 _2ddc
_cBOOKS
_n0
999 _c1548
_d1548